Normal view
MARC view
- Poncelet, Marc
Entry Nombre Personal
001 - NUMERO DE CONTROL
- campo de control: 47521
003 - IDENTIFICADOR DE NUMERO DE CONTROL
- campo de control: DLC
005 - FECHA Y HORA DE LA ÜLTIMA TRANSACCIÓN
- campo de control: 20221201130854.0
008 - DATOS DE LONGITUD FIJA
- campo de control de longitud fija: 940712n| acannaab| |n aaa |||
010 ## - NÚMERO DE CONTROL DE LA BIBLIOTECA DEL CONGRESO
- Número de control LC: n 94066506
040 ## - FUENTE DE CATALOGACIÓN
- Agencia original de catalogación: DLC
- Lenguaje de catalogación: spa
- Agencia de transcripción: DLC
- Agencia que lo modifica: MX-MxUPN
100 1# - ENCABEZAMIENTO - NOMBRE PERSONAL
- Nombre personal: Poncelet, Marc
670 ## - FUENTE EN LA QUE SE LOCALIZARON DATOS
- Cita de la fuente: Migrations et minorités ethniques dans l'espace européen, c1993:
- Información localizada: portada (Marc Poncelet) cubierta (maestro en sociología Univ. of Liège)
670 ## - FUENTE EN LA QUE SE LOCALIZARON DATOS
- Cita de la fuente: Introducción a la sociología, 2004:
- Información localizada: portada (Marc Poncelet)
902 ## - CATALOGADOR
- Catalogador: Víctor Ruiz/011222
